000
00384nam a2200133Ia 4500
008
151001s9999||||xx |||||||||||||| ||und||
100
_a
विजया इंगोले
245
_a
ज्ञानज्योती माई सावित्री फुले
250
_a
1
260
_b
आयुष्य
260
_c
1994
300
_a
246
365
_b
21
999
_c
973318
_d
973315